| 000 | 00477nam a2200181 a 4500 | ||
|---|---|---|---|
| 005 | 20210219153537.0 | ||
| 008 | 991125n 000 0 u | ||
| 035 | _aUPN01000105631 | ||
| 100 | _aLOPEZ RIOS, Perla Idalia | ||
| 222 | _aPEDAGOGIA | ||
| 245 | _a¿Pedagogía artística en México? | ||
| 300 | _a100-101 | ||
| 362 | _a1994 3a época, vol. 9, no. 1, oct.-dic. | ||
| 653 | 0 | _aARTE | |
| 653 | 0 | _aEDUCACION ARTISTICA | |
| 904 |
_aAC _b043442 |
||
| 905 | _aArticulo | ||
| 999 |
_c79572 _d79572 |
||